000 00624nam a2200205Ia 4500
003 GCL
008 140319s9999 xx 000 0 ara d
040 _aGCL /
_cGCL
082 0 4 _a194
_bج ن
100 1 _aجارودى، روجيه
245 1 0 _aنظرات حول الانسان /
_cجارودى، روجيه
700 1 _aيحيى هويدى
260 _aالقاهرة :
_bالمجلس الاعلى للثقافة ،
_c1983
300 _a327 ص ؛
_c22 سم
490 _a
650 0 4 _aالفلسفة
650 0 4 _aالفلسفة الغربية
650 0 4 _aالفلسفة الفرنسية
942 _2ddc
_cBK
999 _c29046
_d29046